| 000 | 00680nam a2200217 i 4500 | ||
|---|---|---|---|
| 001 | 46415 | ||
| 003 | ES-MaACL | ||
| 005 | 20250814011831.0 | ||
| 007 | t| | ||
| 008 | 030328s1976 sp ||||1| spa d | ||
| 245 | 0 | 0 |
_aConceptos básicos de biología / _cA. S. Baer ... [et al.] ; versión de A. Gutiérrez Navarro ; supervisión J. Pérez Silva. |
| 250 | _a1ª ed. | ||
| 260 |
_a[Madrid] : _bAlhambra, _c1976. |
||
| 300 |
_aX, 397 p. : _bil. ; _c24 cm. |
||
| 650 | 0 | 7 |
_aBiología _2embne _910580 |
| 700 | 1 |
_aBaer, A. S. _924593 |
|
| 700 | 1 |
_aGutiérrez Navarro, A. _961193 |
|
| 700 | 1 |
_aPérez Silva, Julio. _991163 |
|
| 852 |
_aES-MaACL _jA-5607 |
||
| 999 |
_c46415 _d46415 |
||